书目信息 |
| 题名: |
华北稀见丛书文献
|
|
| 作者: | 谭烈飞 主编 ;甘肃省古籍文献整理编译中心 编 | |
| 分册: | 第十三卷 | |
| 出版信息: | 北京 学苑出版社 2012 |
|
| 页数: | 724页 | |
| 开本: | 26cm | |
| 丛书名: | 中国华北文献丛书 | |
| 单 册: | ||
| 中图分类: | Z122.2 | |
| 科图分类: | ||
| 主题词: | 地方文献 , 地方文献--华北地区 | |
| 电子资源: | ||
| ISBN: | 978-7-5077-3935-0 | |
| 000 | 01112nam0 2200325 450 | |
| 000 | 01075nam0 2200313 450 | |
| 000 | 01134nam0 2200313 450 | |
| 001 | 006610799 | |
| 005 | 20150323094108.00 | |
| 010 | @a978-7-5077-3935-0@b精装@dCNY422.88 | |
| 100 | @a20140918e2012 emky0chiy50 ea | |
| 101 | 0 | @achi |
| 102 | @aCN@b110000 | |
| 105 | @ay z 000yy | |
| 106 | @ar | |
| 200 | 1 | @a华北稀见丛书文献@9hua bei xi jian cong shu wen xian@h第十三卷@f甘肃省古籍文献整理编译中心,中国华北文献丛书编辑委员会编 |
| 205 | @a[影印本] | |
| 210 | @a北京@c学苑出版社@d2012 | |
| 215 | @a724页@d26cm | |
| 225 | 1 | @a中国华北文献丛书@h第二辑@f傅璇琮总主编 |
| 300 | @a甘肃省古籍文献整理编译中心重大整理项目 | |
| 461 | 0 | @12001 @a中国华北文献丛书 |
| 606 | 0 | @a地方文献 |
| 606 | 0 | @a地方文献@y华北地区 |
| 690 | @aZ122.2@v5 | |
| 701 | 0 | @a谭烈飞@9tan lie fei@f(1956-)@4主编 |
| 712 | 02 | @a甘肃省古籍文献整理编译中心@9gan su sheng gu ji wen xian zheng li bian yi zhong xin@4编 |
| 801 | 0 | @aCN@b91MARC@c20140918 |
| 905 | @b0847638@dZ122.2@e97:13@f1 | |
| 华北稀见丛书文献.第十三卷/甘肃省古籍文献整理编译中心,中国华北文献丛书编辑委员会编.-[影印本].-北京:学苑出版社,2012 |
| 724页;26cm.-(中国华北文献丛书.第二辑/傅璇琮总主编) |
| 甘肃省古籍文献整理编译中心重大整理项目 |
| ISBN 978-7-5077-3935-0(精装):CNY422.88 |
| ● |
| 相关链接 |
|
|
|
|
正题名:华北稀见丛书文献
索取号:Z122.2/97:13
 
预约/预借
| 序号 | 登录号 | 条形码 | 馆藏地/架位号 | 状态 | 备注 |
| 1 | 0847638 | 208476380 | 地方文献典藏中心/ [索取号:Z122.2/97:13] | 在馆 |